Estimaciones del gasto en Salud, Argentina. Año 1997 y proyecciones (Registro nro. 1671)

Detalles MARC
000 -LEADER
fixed length control field 00775nam a2200229 a 4500
003 - CONTROL NUMBER IDENTIFIER
control field OSt
005 - FECHA ULTIMA MODIFICACION
control field 20130924163539.0
008 - FIXED-LENGTH DATA ELEMENTS--GENERAL INFORMATION
fixed length control field 130924s2001 ag ||||| |||| 00| 0 spa d
040 ## - CATALOGING SOURCE
Transcribing agency Biblioteca Medicina
041 ## - LANGUAGE CODE
Language code of text/sound track or separate title spa
082 ## - DEWEY DECIMAL CLASSIFICATION NUMBER
Item number MINIST. DE SALUD 309
110 ## - MAIN ENTRY--CORPORATE NAME
Corporate name or jurisdiction name as entry element Ministerio de Salud
9 (RLIN) 2598
245 00 - TITLE STATEMENT
Title Estimaciones del gasto en Salud, Argentina. Año 1997 y proyecciones
250 ## - EDITION STATEMENT
Edition statement 1º ed.
260 ## - PUBLICATION, DISTRIBUTION, ETC. (IMPRINT)
Place of publication, distribution, etc Buenos Aires
Name of publisher, distributor, etc Ministerio de Salud de la Nacion; Ministerio de Economia de la Nacion
Date of publication, distribution, etc 2001
300 ## - PHYSICAL DESCRIPTION
Extent 92 p.
653 ## - INDEX TERM--UNCONTROLLED
Uncontrolled term FINANCIAMIENTO EN SALUD
653 ## - INDEX TERM--UNCONTROLLED
Uncontrolled term SALUD Y ECONOMIA
653 ## - INDEX TERM--UNCONTROLLED
Uncontrolled term SALUD-GASTOS
942 ## - ADDED ENTRY ELEMENTS (KOHA)
Source of classification or shelving scheme Dewey Decimal Classification
Koha item type Hemeroteca
Existencias
Withdrawn status Lost status Fuente de clasificación Damaged status Not for loan Colección Ubicación permanente Ubicación actual Sala de ubicación Fecha de adquisición Total Checkouts Número de clasificación Date last seen Número de ejemplar Price effective from Koha tipo de elemento (item)
    Dewey Decimal Classification     Non-fiction Biblioteca Medicina Biblioteca Medicina Circulación 24/09/2013   MINIST. DE SALUD 309 06/11/2014 Ej. 1 24/09/2013 Hemeroteca

UNIVERSIDAD NACIONAL DEL COMAHUE
Biblioteca de la Facultad de Ciencias Médicas
Sede Toschi: Los Arrayanes y Av. Toschi, Cipolletti  - Rio Negro
Sede Los Tordos:  Yrigoyen al 2211, Cipolletti - Rio Negro 

Teléfono: 0299 - 4774707 int 25
Contacto: biblioteca@facimed.uncoma.edu.ar
© 2011 - 2026